| 000 | 00388nam a2200145Ia 4500 | ||
|---|---|---|---|
| 008 | 230312s9999||||xx |||||||||||||| ||und|| | ||
| 082 |
_a629.318 _bMEG-A |
||
| 100 | _aMegson;T.H.G | ||
| 245 | 0 | _aAircraft Structures for Engineering Students | |
| 260 |
_bElsevier _aUSA |
||
| 300 | _a353 | ||
| 546 | _aEng. | ||
| 650 |
_aAviation _vAircraft Structures for Engineering Students |
||
| 942 | _cBK | ||
| 999 |
_c7293 _d7293 |
||